000 00720cam a22002413a 4500
001 9620
003 PGUSA
005 20140828083214.0
008 060101s2006||||xxu|||||s|||||000 1 eng d
040 _aPGUSA
_beng
042 _adc
050 4 _aPR
100 1 _aEdgeworth, Maria,
_d1767-1849
245 1 0 _aTales and Novels — Volume 06
_h[electronic resource] /
_cMaria Edgeworth
260 _bProject Gutenberg,
_c2006
505 0 _aThe absentee -- Madame de Fleury -- Emilie de Coulanges -- The modern Griselda.
506 _aPublic domain in the USA.
516 _aElectronic text
653 _aFiction
830 0 _aProject Gutenberg
_v9620
856 4 0 _uhttp://www.gutenberg.org/ebooks/9620
942 _cEB
999 _c238876
_d238876